[Event "21st Hogeschool Zeeland 2017"]
[Site "Vlissingen"]
[Date "2017.08.08"]
[Round "5"]
[White "Lammens, Tim"]
[Black "Van Foreest, Jorden"]
[Result "0-1"]
[WhiteElo "2304"]
[BlackElo "2600"]
[Annotator "TA"]
[PlyCount "88"]
[EventDate "2017.??.??"]
[SourceTitle "playchess.com"]
[Source "ChessBase"]
[SourceQuality "1"]

{[%evp 12,88,13,6,17,14,18,21,16,17,5,1,12,9,8,8,25,15,31,16,16,11,27,21,30,24,35,36,27,0,0,0,0,0,47,0,0,0,6,-40,68,64,75,60,78,33,78,81,66,81,87,5,12,5,8,5,5,5,5,4,3,4,7,-37,-37,-36,-50,-152,-142,-276,-264,-269,-266,-305,-192,-350,-331,-1976,-1931]} 1. d4 d5 2. c4 e6 3. Nc3 a6 4. cxd5 exd5 5. Nf3 c6 (5... Nf6 6. Qb3 b5 7. Bg5 Be6 8. Qc2 Nbd7 9. e3 c5 10. dxc5 Bxc5 11. Bd3 h6 12. Bh4 Rc8 13. O-O O-O {½-½ (39) Gelfand,B (2728)-Mamedyarov,S (2800) Geneve 2017}) 6. Bg5 {D31: Queen's Gambit Declined: Semi-Slav without ...Nf6 (+ Marshall Gambit and Noteboom) and Exchange Variation lines without ...Nf6} Be7 7. Bxe7 {LiveBook: 9 Games} Qxe7 8. Qc2 {With the idea Nxd5!The position is equal.} Nf6 9. e3 Bg4 $146 ({Find the theoretical novelty and annotate with similar games:} 9... O-O 10. Bd3 c5 11. dxc5 Qxc5 12. O-O Nc6 13. Ne4 Nxe4 14. Bxe4 Qxc2 15. Bxc2 {½-½ (42) Song,J (2347)-Mohota,N (2295) Creon 2010}) 10. Ne5 Nbd7 11. Nxd7 Bxd7 (11... Nxd7 {seems wilder.} 12. Bd3 Bh5 13. O-O Bg6 14. e4 dxe4 15. Bxe4 Bxe4 16. Nxe4 O-O) 12. Be2 O-O 13. O-O h5 {[%cal Bh7h5,Bh5h4,Bh4h3][%mdl 32]} 14. Bd3 Rae8 15. Rae1 h4 16. f3 c5 17. Qf2 h3 18. g4 cxd4 19. exd4 Qd6 20. Rxe8 Rxe8 21. g5 Nh5 {White must now prevent ...Qf4.} 22. f4 {[%cal Bf3f4,Bf4f5][%mdl 32]} Bg4 23. f5 Qe7 $1 {[%cal Re7g5]} 24. f6 Qe3 25. fxg7 Qxf2+ (25... Bf3 $1 $15 26. Qxe3 Rxe3) 26. Kxf2 $14 Be6 27. Re1 Kxg7 28. Re5 (28. Bf5 $5) 28... f6 29. gxf6+ Nxf6 {[#] Threatens to win with ...Ng4+.} 30. Rg5+ Kf8 31. Ne2 (31. Bf5 $16) 31... Ng4+ $1 $11 32. Kg3 Bd7 33. Rxg4 {[#] Rf4+ is the strong threat.} Re3+ 34. Kf2 $1 Rxd3 {[%mdl 4096] Endgame KRB-KRN} 35. Rf4+ $1 Ke7 {And now ...Rd2 would win.} 36. Ke1 $1 Bb5 37. Nc3 Bc4 38. Rh4 Kf6 39. Kf2 ({Better is} 39. a3 $15) 39... b5 40. a3 (40. Ke1 $17) 40... Kg5 $19 41. Rh8 Rd2+ ({Much less strong is} 41... Rxd4 42. Ke1 $17) 42. Kg3 Rxb2 ({Less strong is} 42... Rxd4 43. Rg8+ Kf6 44. Rf8+ Ke7 45. Rf2 $17) 43. Rg8+ $2 (43. Re8 {was forced.}) 43... Kh6 {Hoping for ...Rg2+.} 44. Nd1 $2 (44. Kh4) 44... Rg2+ {Precision: White = 37%, Black = 60%.} 0-1

[Event "21st Hogeschool Zeeland 2017"]
[Site "Vlissingen"]
[Date "2017.08.08"]
[Round "5"]
[White "Stillger, Bernhard"]
[Black "Czebe, Attila"]
[Result "1/2-1/2"]
[WhiteElo "2262"]
[BlackElo "2465"]
[Annotator "TA"]
[PlyCount "87"]
[EventDate "2017.??.??"]
[SourceTitle "playchess.com"]
[Source "ChessBase"]
[SourceQuality "1"]

{[%evp 15,87,48,44,41,66,52,50,50,69,59,75,75,79,55,81,83,87,74,108,112,114,90,125,56,87,0,123,54,54,50,54,54,95,90,101,99,116,117,131,120,133,129,149,147,150,145,164,62,68,60,175,169,161,125,154,135,135,129,121,123,124,33,25,27,42,0,0,0,0,0,0,0,0,0]} 1. d4 Nf6 2. c4 d6 3. Nc3 Bf5 4. g3 c6 5. Bg2 h6 6. Nf3 Nbd7 7. O-O e5 8. Nh4 Bh7 9. e4 {A53: Old Indian Defence without Nf3} Be7 10. Nf5 Bxf5 11. exf5 {White is slightly better.} O-O 12. Be3 Qa5 $146 ({Find the theoretical novelty and annotate with similar games:} 12... exd4 13. Bxd4 Qb8 14. h4 Ne5 15. b3 Bd8 16. Na4 Re8 {0-1 (32) Milov,V (2615)-Mirzoev,E (2424) Minsk 2015}) 13. d5 Rac8 14. Rb1 Qa6 15. b3 Rfe8 16. h3 Nb8 17. Qd2 Nbd7 18. Rfd1 Bf8 19. Bf1 ({White should play} 19. a4 $16) 19... Qa5 20. Bg2 (20. a4 $16) 20... Qc7 (20... Qa6 $1 $11 {remains equal.}) 21. Ne4 (21. Bxa7 $16 c5 22. Nb5) 21... cxd5 22. Nxf6+ Nxf6 23. Bxd5 Nxd5 24. Qxd5 b6 25. Qe4 Qe7 26. Rd5 Qf6 27. a4 Be7 28. Rbd1 Rc6 29. Kg2 Rec8 30. a5 Bd8 31. axb6 (31. Qd3 $18) 31... Bxb6 $14 32. Qd3 {[%cal Rd5d6]} (32. c5 $5 Bxc5 33. Bxc5 dxc5 34. Rxe5 $14 (34. Qxe5 Qxe5 35. Rxe5 c4 $14)) 32... Bc5 (32... Bxe3 $14 33. Qxe3 Rb6) 33. Bxc5 $18 dxc5 34. Rd8+ Kh7 35. Rxc8 Rxc8 $16 {[%mdl 4096] Endgame KQR-KQR} 36. Qd7 Rc6 37. Rd3 Rb6 38. Qd5 (38. Re3 $16) 38... Qxf5 $14 39. Rf3 Qe6 40. Qxe6 fxe6 {The position is equal.} 41. Re3 Kg6 42. Rxe5 Kf6 43. Rxc5 Rxb3 44. Ra5 {Precision: White = 50%, Black = 37%.} 1/2-1/2

[Event "21st Hogeschool Zeeland 2017"]
[Site "Vlissingen"]
[Date "2017.08.08"]
[Round "5"]
[White "Frayna, Janelle Mae"]
[Black "Leenhouts, Koen"]
[Result "1-0"]
[WhiteElo "2248"]
[BlackElo "2486"]
[Annotator "TA"]
[PlyCount "86"]
[EventDate "2017.??.??"]
[SourceTitle "playchess.com"]
[Source "ChessBase"]
[SourceQuality "1"]

{[%evp 26,86,19,10,9,19,20,18,25,0,0,0,23,23,24,22,19,22,50,58,63,57,79,-16,-23,-123,-109,-198,-208,-200,-206,-201,-196,-181,-169,-175,604,473,647,646,646,624,598,598,598,591,591,591,591,583,583,583,836,806,781,744,730,720,711,710,11493,2321,1644]} 1. Nf3 c5 2. c4 g6 3. g3 Bg7 4. Bg2 Nc6 5. Nc3 e6 6. d4 cxd4 7. Nb5 d5 8. cxd5 Qa5+ 9. Nd2 Qxb5 {A37: Symmetrical English vs ...g6: 4 Bg2 Bg7 5 Nf3} 10. dxc6 Ne7 11. a4 Qb6 12. Nc4 Qb4+ 13. Bd2 Qxc4 14. cxb7 {LiveBook: 21 Games} Bxb7 15. Bxb7 Rb8 16. Rc1 {[#]} Qa2 $146 17. Ra1 Qxb2 18. Rb1 Qxb7 19. Rxb7 Rxb7 20. O-O O-O 21. Qc2 Rc8 22. Qd3 {[%mdl 1024] White has compensation.} Nd5 23. Rb1 Rbc7 24. f4 (24. Qa6 $16) 24... Nc3 $36 {[%mdl 2048] Black has the initiative.} 25. Ra1 {[#]} (25. Rc1 $11 {keeps the balance.}) 25... Nxe2+ $1 $17 {[%mdl 512]} 26. Qxe2 (26. Kf1 $17 Nc3 27. a5) 26... d3 $1 $19 {[%cal Rd3e2]} 27. Qe1 {And now Ra3 would win.} Bxa1 28. Qxa1 {Threatens to win with Qd4.} Rc2 29. Qe1 Rb2 {aiming for ...Rcc2.} 30. f5 Rcc2 $4 {[%mdl 8192]} ({Worse is} 30... gxf5 31. Qe3 $11) (30... e5 $19 31. f6 Rcc2 32. Qxe5 Rb1+ 33. Kg2 Rxd2+ 34. Kh3 Re2) 31. fxe6 $18 {Threatening mate with e7.White is clearly winning.} fxe6 32. Qxe6+ Kg7 33. Qe7+ Kg8 34. Qe8+ Kg7 {[#]} 35. Bc3+ $1 {[%mdl 512]} Rxc3 {[%mdl 4096] Endgame KQ-KRR} 36. Qe5+ Kh6 {( -> ...Rc1+)} 37. Qxc3 {KQ-KR} d2 38. Qe3+ g5 39. Qe6+ Kg7 40. Qd7+ Kh6 41. Qd6+ Kg7 42. Qd3 Ra2 43. Qd4+ Kh6 {Precision: White = 62%, Black = 58%.} 1-0

[Event "21st Hogeschool Zeeland 2017"]
[Site "Vlissingen"]
[Date "2017.08.08"]
[Round "5"]
[White "Bollen, Guus"]
[Black "Ikonnikov, Vyacheslav"]
[Result "0-1"]
[WhiteElo "2245"]
[BlackElo "2532"]
[Annotator "TA"]
[PlyCount "66"]
[EventDate "2017.??.??"]
[SourceTitle "playchess.com"]
[Source "ChessBase"]
[SourceQuality "1"]

{[%evp 13,66,11,10,-32,-30,-26,-24,-36,-36,-47,-39,-84,-72,-72,-72,-165,-181,-174,-162,-172,-120,-278,-276,-265,-257,-322,-323,-306,-291,-384,-377,-354,-328,-364,-376,-367,-427,-502,-487,-471,-450,-449,-446,-442,-412,-406,-405,-1231,-1227,-1212,-526,-500,-483,-630,-621]} 1. e4 c5 2. Nc3 Nc6 3. g3 g6 4. Bg2 Bg7 5. d3 d6 6. Nge2 Rb8 7. O-O b5 8. Nd5 {B25: Closed Sicilian: 3 g3, lines without early Be3} (8. a3 Nf6 9. d4 cxd4 10. Nxd4 Nxd4 11. Qxd4 a5 12. Qa7 Bd7 13. e5 dxe5 14. Be3 O-O 15. Rad1 Qc8 16. Qxa5 {0-1 (55) Krapivin,A (2430)-Popov,I (2653) Moscow 2014}) 8... e6 9. Ne3 Nge7 10. c3 {Black has an edge.} O-O 11. f4 f5 12. d4 $146 ({Find the theoretical novelty and annotate with similar games:} 12. exf5 exf5 13. Nd5 Kh8 14. Nxe7 Nxe7 15. Be3 Bb7 16. Bxb7 Rxb7 {0-1 (36) Brkic,I (2100)-Fercec,N (2498) Bizovac 2005}) 12... fxe4 13. dxc5 d5 14. Nc2 {[#]} (14. a3 $17) 14... b4 $1 $19 15. Be3 bxc3 16. bxc3 Ba6 (16... Nf5 $19 17. Ned4 Nxe3 18. Nxe3 Nxd4 19. cxd4 Qa5) 17. Ncd4 $2 (17. Bh3 $17 {only move.}) 17... Nxd4 18. Bxd4 Bxd4+ 19. Nxd4 Bxf1 20. Bxf1 Qc8 21. Bh3 Qxc5 22. Bxe6+ Kh8 23. Rc1 Nc6 24. Kh1 {Threatens to win with Nxc6.} Nxd4 25. cxd4 Qd6 26. Bg4 Rb4 27. a3 Rb7 28. Qa4 Rc7 29. Rb1 Kg7 30. Rb5 {[#]} (30. Kg1 $142) 30... Rxf4 $1 {[%mdl 512] Black is clearly winning.} 31. gxf4 Qxf4 (31... Rc1+ $142 32. Qd1 Qxf4 33. Rb7+ Kf6 34. Qxc1 Qxc1+ 35. Kg2 Qc2+ 36. Kg3 h5) 32. Rb1 Qxg4 33. Rf1 Qe2 {Precision: White = 31%, Black = 85%.} 0-1

[Event "21st Hogeschool Zeeland 2017"]
[Site "Vlissingen"]
[Date "2017.08.08"]
[Round "5"]
[White "Keetman, Maaike"]
[Black "Beerdsen, Thomas"]
[Result "0-1"]
[WhiteElo "2243"]
[BlackElo "2447"]
[Annotator "TA"]
[PlyCount "126"]
[EventDate "2017.??.??"]
[SourceTitle "playchess.com"]
[Source "ChessBase"]
[SourceQuality "1"]

{[%evp 19,126,-8,-8,-8,-8,-8,-6,-8,-18,-38,-20,-57,-58,-67,-64,-61,-61,-60,-47,-94,-64,-61,-66,-77,-62,-72,-76,-67,-52,-58,-50,-46,-37,-41,-16,-56,-57,-54,-62,-110,-68,-114,-114,-114,-114,-114,-106,-114,-111,-125,-110,-108,-108,-123,-114,-114,-108,-109,-109,-123,-123,-123,-123,-123,-108,-112,-114,-116,-108,-123,-113,-120,-114,-131,-131,-186,-189,-222,-86,-86,-86,-291,-281,-269,-268,-272,-261,-273,-241,-233,-230,-556,-553,-512,-534,-1099,-748,-1318,-1255,-4731,-2498,-29984,-29985,-29993,-29994,-29994,-29995,-29996,-29997]} 1. e4 c5 2. Nf3 e6 3. d4 cxd4 4. Nxd4 Nf6 5. Nc3 d6 6. Be3 a6 7. Be2 Qc7 8. O-O b5 9. f3 Nbd7 10. a3 Bb7 11. Qe1 {B84: Sicilian Scheveningen: 6 Be2 a6, lines without early Be3} (11. Nb3 Be7 12. Qe1 O-O 13. Rd1 Rac8 14. Qg3 Kh8 15. Kh1 Ne5 16. Bc1 Qb8 17. f4 Nc4 18. Bd3 Ba8 {0-1 (39) Pavon Cardenas,J (2450)-Guliyev,N (2690) Le Port Marly 2012}) 11... d5 12. exd5 Nxd5 13. Nxd5 {The position is equal.} Bxd5 14. Bd3 Nc5 $146 ({Predecessor:} 14... g6 15. Rd1 Bg7 16. Qb4 {1-0 (29) Hrubsa,M (1820)-Zisek,J (1857) Slovakia 2012}) 15. Qf2 Bd6 16. Qh4 Nxd3 17. cxd3 O-O 18. Rac1 Qd7 19. Rc2 Rac8 20. Rfc1 Rxc2 21. Rxc2 b4 22. axb4 Qa4 23. Qf2 Qxb4 24. Qd2 Qa4 25. Ne2 {[%cal Bd4e2,Be2c3,Bc3e4,Be4c5][%mdl 32]} h6 26. Nc3 Qh4 27. f4 Ba8 (27... Bb3 $5 {[%cal Rb3c2]} 28. Rc1 Bb4 $15) 28. Ne4 Bb8 29. Nc5 Rc8 30. Qf2 Qh5 $1 {[%cal Rh5d1] Strongly threatening ...Qd1+.} 31. Qe2 Qxe2 32. Rxe2 {[#]} Bxf4 $1 {[%mdl 512]} 33. Bxf4 Rxc5 $17 {[%mdl 4096] Endgame KRB-KRB} 34. Be5 Bd5 35. Bc3 a5 {[%cal Ba6a5,Ba5a4][%mdl 32]} 36. Bd4 Rc6 37. Kf2 f6 38. Bc3 a4 39. Bb4 Kf7 40. Ke3 Rc1 41. g3 g5 42. Re1 Rc2 43. Re2 Rc8 44. Rf2 e5 45. Kd2 Ke6 46. Bc3 Rd8 47. Ba5 (47. Ke3 $17 {keeps fighting.}) 47... Rd7 $19 48. Re2 {[#]} f5 (48... Bc4 $1 $19 {has better winning chances. Hoping for ...a3.} 49. Re3 h5) 49. Bc3 $17 e4 {And now ...Bc4 would win.} 50. Rf2 $2 (50. Ke1 $17) 50... Bc4 $19 51. d4 Rf7 {aiming for ...f4.} 52. Ke3 Kd5 53. Bb4 Bb3 54. Rf1 Bc2 55. Rf2 $2 (55. h4) 55... Bd1 56. Rf1 Bf3 57. Bc3 f4+ 58. gxf4 gxf4+ {[%cal Bg5f4,Bf4f3,Bf3f2][%mdl 32]} 59. Kf2 Bg4 60. Rg1 e3+ {[%cal Be4e3,Be3e2][%mdl 32] Black mates.} 61. Ke1 f3 62. Rxg4 f2+ 63. Kf1 {[#]} e2+ $1 {[%mdl 512] Precision: White = 41%, Black = 70%.} 0-1

[Event "21st Hogeschool Zeeland 2017"]
[Site "Vlissingen"]
[Date "2017.08.08"]
[Round "5"]
[White "Muehlenhaus, Sven"]
[Black "Lai, Hing Ting"]
[Result "1/2-1/2"]
[WhiteElo "2199"]
[BlackElo "2388"]
[Annotator "TA"]
[PlyCount "42"]
[EventDate "2017.??.??"]
[SourceTitle "playchess.com"]
[Source "ChessBase"]
[SourceQuality "1"]

{[%evp 28,42,19,18,17,17,25,31,22,0,7,0,4,4,4,6,8]} 1. e4 c6 2. d4 d5 3. exd5 cxd5 4. c4 Nf6 5. Nc3 e6 6. Nf3 Nc6 7. cxd5 Nxd5 8. Bd3 Be7 9. O-O O-O 10. Be4 Bf6 11. Re1 Nce7 12. Qd3 g6 13. Bh6 Bg7 14. Bxg7 Kxg7 15. Rac1 {LiveBook: 9 Games. D42: Queen's Gambit Declined: Semi-Tarrasch: 5 cxd5 Nxd5 6 e3 Nc6 7 Bd3} b6 (15... Bd7 16. Bxd5 exd5 17. Qe3 Re8 18. Ne5 f6 19. Nd3 Nf5 20. Qf4 Rc8 21. Rxe8 Qxe8 22. Nxd5 Rxc1+ 23. Qxc1 {½-½ (32) Howell,D (2670)-Rasmussen,A (2526) Auckland 2015}) 16. Bxd5 Nxd5 17. Nxd5 {White has an edge.} exd5 18. Qc3 $146 {The position is equal.} ({Predecessor:} 18. Qa3 Be6 19. Rc3 Re8 20. Rec1 Qe7 21. Qxe7 Rxe7 22. Ne5 f6 {½-½ (54) Lomineishvili,M (2366)-Charkhalashvili,I (2334) Anaklia 2012}) 18... Be6 19. Qc7 {[#] And now Rxe6 would win.} Qxc7 20. Rxc7 {Rxe6 is the strong threat.} Rfc8 21. Rec1 Rxc7 1/2-1/2

[Event "21st Hogeschool Zeeland 2017"]
[Site "Vlissingen"]
[Date "2017.08.08"]
[Round "5"]
[White "Ritsema, Ronald"]
[Black "Van Foreest, Lucas"]
[Result "0-1"]
[WhiteElo "2058"]
[BlackElo "2467"]
[Annotator "TA"]
[PlyCount "104"]
[EventDate "2017.??.??"]
[SourceTitle "playchess.com"]
[Source "ChessBase"]
[SourceQuality "1"]

{[%evp 17,104,22,36,15,19,-7,0,0,0,-12,-5,-15,-5,-9,-16,-8,-13,0,-5,-32,-36,-32,-29,-31,-15,-24,0,-6,-5,-5,-5,-6,0,-9,-6,-16,-7,-7,0,-26,-9,-18,-13,-16,-20,-14,-18,-20,0,-63,-35,-125,-28,-37,-33,-8,-28,-22,-10,-35,-19,-26,-17,-24,0,0,66,-12,-20,0,0,-858,-845,-920,-855,-847,-825,-798,-783,-29970,-6279,-880,0,-995,-972,-812,-687,-785,-766]} 1. d4 d5 2. c4 e6 3. Nf3 c6 4. e3 Bd6 5. b3 f5 6. Bd3 Nf6 7. O-O Qe7 8. Bb2 O-O 9. Nbd2 {A84: Dutch Defence: 2 c4 Miscellaneous} (9. Ne5 Bd7 10. Nd2 Be8 11. f3 Bh5 12. Qe1 Nbd7 13. Kh1 Rad8 14. Nxd7 Nxd7 15. e4 dxe4 16. fxe4 f4 {1-0 (43) Bu,X (2710)-Wei,Y (2734) Zaozhuang 2015}) 9... b6 {LiveBook: 4 Games} 10. Qc2 Bb7 11. Rac1 $146 {The position is equal.} ({Find the theoretical novelty and annotate with similar games:} 11. Ne5 Nbd7 12. cxd5 cxd5 13. Rac1 Rac8 14. Qb1 Ne4 15. Ndf3 Ndf6 16. Rxc8 Rxc8 {½-½ (27) Catteau,B (2155)-Parant,F (2126) France 2003}) 11... Ne4 12. Ne5 Na6 13. Qd1 ({Much worse is} 13. Bxe4 dxe4 14. Bc3 c5 $17) (13. a3 $5) 13... Nb4 {aiming for ...Bxe5.} 14. Bb1 Bxe5 15. dxe5 Nxd2 16. Qxd2 dxc4 17. bxc4 c5 18. f4 Rad8 19. Qe2 $1 Be4 20. Bc3 Bxb1 21. Rxb1 Nc6 22. Rfd1 $1 Rxd1+ 23. Rxd1 Rd8 24. h3 g6 25. Qc2 Kf7 26. Kf2 Qh4+ 27. Kf1 Qe7 (27... Ke8 {is more complex.} 28. a4 Nb4 29. Qe2 Qe7 30. Rd2 Rd7) 28. Kf2 Ke8 29. Qa4 Rxd1 30. Qxd1 Qb7 31. a4 Ne7 32. Be1 Qe4 33. Qb3 {[#]} (33. Qd6 $11) 33... g5 $1 $15 {[%mdl 512]} 34. Bd2 {[#]} (34. fxg5 $15 Nc6 35. Bc3) 34... gxf4 (34... Ng6 $1 $17 {[%cal Rg6h4] Hoping for ...Nh4.} 35. g3 Qh1 36. Qb5+ Kd8) 35. exf4 $11 Nc6 36. Qf3 $36 {[%mdl 2048] White has good play.} Qd4+ 37. Be3 Qb2+ 38. Kg3 Kd7 39. Qd1+ Nd4 40. Qd3 Kc6 41. Kh4 Kd7 (41... Kc7 $11) 42. Kg3 (42. g4 $1 $14) 42... Ke8 43. Kh4 $1 Nc6 (43... Qxg2 44. Bxd4 cxd4 45. Qxd4 $11) 44. a5 $2 {[%mdl 8192]} (44. g3 $11) 44... Qxg2 $19 45. axb6 Ne7 46. Bc1 axb6 47. Qe3 Kf7 48. Bd2 Kg7 49. Kh5 Kf7 50. Kh4 Kg6 {( -> ...Kh6). Black is clearly winning.} 51. Qg3+ Qxg3+ 52. Kxg3 Nc6 {Precision: White = 52%, Black = 62%.} 0-1